01343cam a2200265 a 45000010009000000050017000090080041000260200023000670200026000900820025001161000033001412450110001742600036002843000034003205040051003545050335004056500026007406500043007666530022008096500029008317000035008609420012008959990017009079520153009241569689620170209150714.0090413s2009 njua b 001 0 eng  a047048781X (cloth) a9780470487815 (cloth)00a621.3813224222bJAR1 aJarry, Pierre,d1946-93142510aDesign and Realizations of Miniaturized Fractal RF and Microwave Filters /cPierre Jarry, Jacques Beneat. aHoboken, N.J. :bWiley,cc2009. axiv, 194 p. :bill. ;c25 cm. aIncludes bibliographical references and index.0 aMicrowave filter structures -- In-line synthesis of pseudo-elliptic filters -- Suspended substrate structure -- Miniaturization of planar resonators using fractal iterations -- Design and realizations of meandered line filters -- Design and realizations of hilbert filters -- Design and realization of dual mode minkowski filters. 0aRadio filters.931427 0aMiniature electronic equipment.931428 bElecNovember2012 0931426aMicrowave filters1 aBeneat, Jacques,d1964-931429 2ddccBB c17100d17072 00102ddc40708BaccahaMAINbMAINc1STd2012-11-22epurchaseg600.00h16429l1m1o621.3813224 JARp000027826r2025-07-15 00:00:00s2012-11-22yBB